Ligue 1 - Top meilleurs buteurs - Saison 2013-2014 - Statistiques

Statistiques générales
  • Ce quiz a été pris 46 fois
  • Le résultat moyen est 20 sur 65
Statistiques - réponses
Equipe Nationalité Nombre de buts Réponse % Correct
PSG Suède 26 Zlatan Ibrahimovic
98%
PSG Uruguay 16 Edinson Cavani
86%
Marseille France 16 André-Pierre Gignac
84%
Lyon France 15 Alexandre Lacazette
81%
Toulouse France 16 Wissam Ben Yedder
74%
PSG Argentine 9 Ezequiel Lavezzi
53%
Monaco Colombie 9 Radamel Falcao
53%
Monaco Colombie 9 James Rodríguez
51%
Saint-Etienne Turquie 12 Mevlut Erding
51%
Lorient Cameroun 16 Vincent Aboubakar
49%
Bordeaux Mali 12 Cheick Diabaté
47%
Evian TG Danemark 9 Daniel Wass
47%
Lyon France 14 Bafétimbi Gomis
44%
Monaco Bulgarie 6 Dimitar Berbatov
44%
Marseille France 8 Dimitri Payet
44%
Marseille France 8 Florian Thauvin
44%
Marseille Ghana 6 André Ayew
42%
Sochaux Ghana 6 Jordan Ayew
42%
Bastia Tunisie 6 Wahbi Khazri
42%
PSG Brésil 5 Lucas Moura
40%
Lille Côte d'Ivoire 16 Salomon Kalou
40%
Guingamp France 5 Claudio Beauvue
37%
Montpellier France 14 Rémy Cabella
37%
Monaco France 5 Valère Germain
37%
Nice Argentine 8 Darío Cvitanich
35%
Saint-Etienne Côte d'Ivoire 5 Max-Alain Gradel
35%
Saint-Etienne France 9 Romain Hamouma
33%
Saint-Etienne Brésil 5 Brandão
30%
Lille France 9 Nolan Roux
30%
Nantes Serbie 10 Filip Djordjevic
28%
PSG France 5 Blaise Matuidi
26%
Monaco France 10 Emmanuel Rivière
26%
Rennes Suède 7 Ola Toivonen
26%
Lyon France 6 Jimmy Briand
23%
Bordeaux Brésil 9 Jussiê
23%
Evian TG France 10 Kévin Bérigaud
23%
Toulouse Danemark 7 Martin Braithwaite
23%
Lille Belgique 5 Divock Origi
21%
Saint-Etienne France 6 Loïc Perrin
21%
Monaco Argentine 5 Lucas Ocampos
21%
Nantes USA 5 Alejandro Bedoya
19%
Sochaux Congo 7 Cédric Bakambu
19%
Lorient France 8 Jérémie Aliadière
19%
Rennes France 5 Paul-Georges Ntep
16%
Rennes France 6 Romain Alessandrini
16%
Toulouse Côte d'Ivoire 6 Serge Aurier
16%
Valenciennes Ghana 9 Abdul Majeed Waris
14%
Reims France 5 Nicolas de Préville
14%
Reims Congo 10 Prince Oniangué
14%
Saint-Etienne France 7 Benjamin Corgnet
12%
Reims France 5 Gaëtan Charbonnier
12%
Bastia Belgique 8 Gianni Bruno
12%
Guingamp Mali 11 Mustapha Yatabaré
12%
Rennes Portugal 8 Nélson Oliveira
12%
Reims Togo 5 Floyd Ayité
9%
AC Ajaccio Côte d'Ivoire 7 Junior Tallo
9%
Rennes Mali 6 Abdoulaye Doucouré
7%
Nice France 5 Alexy Bosetti
7%
Bastia France 5 Florian Raspentino
7%
Rennes Algérie 6 Foued Kadir
7%
Bordeaux Sénégal 6 Henri Saivet
7%
Monaco France 5 Layvin Kurzawa
7%
Nantes France 8 Serge Gakpé
7%
Sochaux France 5 Roy Contout
5%
Lorient France 6 Yann Jouffre
5%
Aucun quiz correspondant
Distribution des résultats
% des personnes avec chaque résultat
Percentile par nombre de réponses
Votre historique - résultats
Vous n’avez pas pris ce quiz